000 00310 a2200133 4500
000 nam a22 7a 4500
100 _a Rosa Lopez De
110 _a Rosa Lopez De
245 _aWomen and Sport in Asia
250 _aLatest edition
260 _bRoutledge
_c2021
264 _bRoutledge
_c2021
942 _cBK
999 _c394161
_d394161